Statistiques concernant Gares de l'Allier

Cliquez ici pour prendre le quiz!

Statistiques générales

  • Ce quiz a été pris 61 fois
  • Le résultat moyen est 9 sur 19

Statistiques - réponses

Nombres de voyageursGares% Correct
309 296Montluçon
100%
677 474Moulins
100%
1 193 916Vichy
97%
81 266Gannat
94%
111 599Saint Germain des Fossés
83%
135 685Commentry
78%
81 562Varennes sur Allier
44%
6 547Bellenaves
31%
11 071Bessay sur Allier
28%
24Huriel
28%
28 753Vallon en Sully
25%
10 941Montluçon Rimard
22%
15 074Dompierre Sept Fons
19%
4 108Magnette
19%
149Villeneuve sur Allier
19%
673Les Trillers
17%
1 573Louroux de Bouble
17%
5543Saint Bonnet de Rochefort
17%
321La Ville Gozet
14%

Distribution des résultats

Percentile par nombre de réponses

% des personnes avec chaque résultat

Votre développement - résultats

Vous n’avez pas pris ce quiz